00719nam a22001457a 450000500170000000800410001724500480005826000350010630000270014150002140016865000380038294200150042099900150043595201230045020241203111143.0241203b |||||||| |||| 00| 0 eng d aLaw Reports of the Commonwealth 1994 Vol. 3 aLondon, UKbButterworthsc1995 axxxi, 794 pagesc24 cm aGeneral Editors: Read James S. Prof. LL.B. of Gray’s Inn, Barrister. Slinn Peter E. M.A., PhD., Solicitor, England and Wales. Cases Editor: Neville James BCL of King's Inn and of London's Inn, Barrister 2Law ReportsxCommonwealth Nations 2lcccBKn0 c1924d1924 00102lcc40708NFICaMLLbMLLcREFd2024-12-03l0oLRC94 Vol. 3pLLM00001347r2024-12-03 11:12:45t1w2024-12-03yBK